Dra' Abu el-Naga III : Das Kloster Deir el-Bachît : Webstühle und Textilien /

محفوظ في:

المؤلف الرئيسي: Johanna Sigl und Sabrina Tatz (مؤلف)

التنسيق: كتاب

اللغة: German

منشور في: Wiesbaden : Harrassowitz, 2022.

سلاسل: Archäologische Veröffentlichungen (Deutsches Archäologisches Institut. Abteilung Kairo) ; 130.

الموضوعات:

الوسوم: إضافة وسم

لا توجد وسوم, كن أول من يضع وسما على هذه التسجيلة!

رقم الطلب: ( F )DT57 .D47 v.130

LEADER 01179nam a22002777a 4500
003 OSt
005 20260511125751.0
008 260511t2022 gw af g b 001 0 ger d
020 |a 9783447118668 
040 |c ARCE Library 
050 1 4 |a ( F )DT57  |b .D47 v.130 
100 1 |a  Johanna Sigl und Sabrina Tatz  |e author. 
245 1 0 |a Dra' Abu el-Naga III :  |b Das Kloster Deir el-Bachît : Webstühle und Textilien /  |c von Johanna Sigl und Sabrina Tatz. 
264 1 1 |a Wiesbaden :  |b Harrassowitz,  |c 2022. 
300 |a 275 pages :  |b illustrations (color) ;  |c 36 cm. 
336 |a text  |b txt  |2 rdacontent 
337 |a unmediated  |b n  |2 rdamedia 
338 |a volume  |b nc  |2 rdacarrier 
490 1 |a Archäologische Veröffentlichungen (Deutsches Archäologisches Institut. Abteilung Kairo) ;  |v 130. 
504 |a Includes bibliographical references and indexes. 
650 0 |a Excavations (Archaeology)  |z Egypt  |z Dra' Abu el-Naga. 
650 0 |a Inscriptions, Egyptian  |z Egypt  |z Dra' Abu el-Naga. 
651 0 |a Thebes (Egypt : Extinct city)  |x Antiquities. 
830 0 |a Archäologische Veröffentlichungen (Deutsches Archäologisches Institut. Abteilung Kairo) ;  |v 130. 
942 |2 lcc  |c BK 
999 |c 62240  |d 62240